Minecraft movie Steve lines - Statistics

General Stats
  • This quiz has been taken 132 times
  • The average score is 13 of 16
Answer Stats
Hint Answer % Correct
I... am _____ Steve
100%
Flint and _____ STEEL
99%
CHICKEN _____ JOCKEY
97%
An ender ____ pearl
96%
The _____ NETHER
95%
COMING IN ____ HOT
94%
As a child I____ yearned for the mines
94%
Don't worry! I'll cushion our fall with this water bucket! _____ RELEASE
91%
Oh, these dudes? They're the _______ villagers
90%
THIS is a ______ crafting table
81%
They like to chill, trade, and eat butt loads of bread. They love _____ crushing a loaf/crushing loaf
81%
Pink ____ house
67%
Big ol ____ red ones
66%
First we mine, then we craft. _____ LET'S MINECRAFT
65%
TNT, Firework rockets.... Boots of Swiftness, _____, Blades for Days diamond armor full set
53%
Welcome to the stash
47%
No matching quizzes found
Score Distribution
Percent of People with Each Score
Percentile by Number Answered
Your Score History
You have not taken this quiz